| 000 | 00425nam a2200169Ia 4500 | ||
|---|---|---|---|
| 008 | 230711s9999||||xx |||||||||||||| ||und|| | ||
| 020 | _a978-93-81523-38-4 | ||
| 041 | _aENG | ||
| 082 |
_a722.44 _bDA-A |
||
| 100 | _aDas,Samit | ||
| 245 | 0 | _aArchitecture of santinketan tagroe's concept of space | |
| 250 | _a1st Ed. | ||
| 260 |
_c2016 _aNew Delhi _bNiyogi Books |
||
| 300 | _a179p. | ||
| 650 | _aArchitecture | ||
| 942 | _cBK | ||
| 999 |
_c5844 _d5844 |
||